[Event "Summer Cup"]
[Site "Wellington Chess Club"]
[Date "2020.03.05"]
[Round "5.18"]
[White "Enegbuma, Wallace"]
[Black "Hurndell, Robert"]
[Result "1-0"]
[WhiteElo "1778"]
[BlackElo "1553"]

1. d4 Nf6 2. c4 e5 3. dxe5 Ng4 4. Nf3 Nc6 5. Qd5 Bb4+ 6. Bd2 Bxd2+ 7. Nbxd2 O-O
8. h3 Nh6 9. a3 Re8 10. c5 b6 11. e3 Bb7 12. Bb5 a6 13. Bxc6 Bxc6 14. Qd4 b5
15. g4 Re6 16. Rg1 Kh8 17. g5 Nf5 18. Qf4 Ne7 19. Qxf7 g6 20. Nd4 Bd5 21. Nxe6
Bxe6 22. Qf6+ Kg8 23. Qf3 Nf5 24. Ne4 {Resigns 1-0} 1-0

[Event "Summer Cup"]
[Site "Wellington Chess Club"]
[Date "2020.03.05"]
[Round "5.19"]
[White "Ashe, Michael"]
[Black "Stannard, Bobby"]
[Result "1-0"]
[WhiteElo "1643"]
[BlackElo "1499"]

1. d4 d5 2. c4 e6 3. Nc3 Bb4 4. e3 c5 5. Ne2 Nf6 6. a3 Ba5 7. dxc5 Bxc3+ 8.
Nxc3 O-O 9. cxd5 Nxd5 10. Nxd5 exd5 11. Be2 Qa5+ 12. b4 Qd8 13. Bb2 Nc6 14. O-O
Bf5 15. Bd3 Bxd3 16. Qxd3 Re8 17. Rad1 Ne7 18. Qc3 f6 19. e4 Qd7 20. Rd2 Rad8
21. Rfd1 Qc6 22. h3 Rd7 23. e5 Rf8 24. Qb3 Rfd8 25. exf6 gxf6 26. Qf3 Kf7 27.
Rd4 Qe6 28. Rf4 Ng8 29. Rh4 h6 30. Bc1 f5 31. Qh5+ Kg7 32. Qf3 Ne7 33. Bxh6+
Kf7 34. Bg5 Ng6 35. Bxd8 Rxd8 36. Rh7+ Kf6 37. Rxb7 Nh4 38. Qc3+ Kg6 39. Qg3+
1-0

[Event "Summer Cup"]
[Site "Wellington Chess Club"]
[Date "2020.03.05"]
[Round "5.20"]
[White "Shepherd, Blake"]
[Black "Goodwillie, Craig"]
[Result "0-1"]
[WhiteElo "1614"]
[BlackElo "1900"]

1. d4 Nf6 2. c4 e5 3. e3 exd4 4. exd4 Bb4+ 5. Bd2 Qe7+ 6. Qe2 O-O 7. Qxe7 Bxe7
8. Be2 d5 9. Nc3 Nc6 10. cxd5 Nb4 11. Bf3 Nc2+ 12. Ke2 Nxa1 13. Kd3 Bf5+ 0-1

[Event "Summer Cup"]
[Site "Wellington Chess Club"]
[Date "2020.03.05"]
[Round "5.21"]
[White "Darr, Samuel"]
[Black "Langford, Josh"]
[Result "1-0"]
[WhiteElo "1592"]
[BlackElo "1413"]

1. e4 e5 2. Nf3 Nc6 3. Bc4 Nf6 4. Ng5 Bc5 5. Bxf7+ Ke7 6. Bb3 d6 7. O-O Bg4 8.
Qe1 h6 9. Nf7 Qc8 10. Nxh8 Nd4 11. Ng6+ Kd8 12. Nh4 g5 13. c3 Ne2+ 14. Kh1 gxh4
15. f3 Nf4 16. Qxh4 Ke7 17. fxg4 1-0

[Event "Summer Cup"]
[Site "Wellington Chess Club"]
[Date "2020.03.05"]
[Round "5.22"]
[White "Kibblewhite, Daniel"]
[Black "Dunlop, Rafe"]
[Result "1/2-1/2"]
[WhiteElo "1526"]
[BlackElo "1307"]

1. d4 d5 2. c4 Nf6 3. cxd5 Nxd5 4. e4 Nb6 5. Nf3 Bg4 6. Be2 e6 7. O-O Nc6 8.
Be3 Qe7 9. Nc3 O-O-O 10. a4 Bxf3 11. Bxf3 Qb4 12. d5 Qxb2 13. Qc1 Qxc1 14.
Rfxc1 Ne5 15. a5 Nbc4 16. Bxa7 Bb4 17. Nb5 Bxa5 18. Rxa5 c6 19. dxc6 bxc6 20.
Nc3 Nxa5 21. Bb6 Nxf3+ 22. gxf3 Rd3 23. Bxa5 Kd7 24. Ne2 Rc8 25. Kg2 Kd6 {Draw
agreed} 1/2-1/2

[Event "Summer Cup"]
[Site "Wellington Chess Club"]
[Date "2020.03.05"]
[Round "5.23"]
[White "Osborne, Geoff"]
[Black "Asher, Bruce"]
[Result "1-0"]
[WhiteElo "1343"]
[BlackElo "1159"]

1. e4 e5 2. Nf3 Nf6 3. Nxe5 Qe7 4. Nf3 Nxe4 5. Qe2 Nc6 6. d3 Nc5 7. Be3 b6 8.
g3 g6 9. Bg2 Bg7 10. c3 O-O 11. Qd2 Ba6 12. O-O Bxd3 13. Bxc5 Qxc5 14. Qxd3
Rfe8 15. Nbd2 Re6 16. Ne4 Qf5 17. Nh4 Qe5 18. Rfe1 Qa5 19. Re2 Ne5 20. Qd2 Rae8
21. Qc2 d5 22. Ng5 R6e7 23. b4 Qa6 24. Bxd5 Nf3+ 25. Nhxf3 Qxe2 26. Qxe2 Rxe2
27. Bxf7+ Kf8 28. Bxe8 h6 29. Bxg6 hxg5 30. Nxg5 Bxc3 31. Rc1 Bd4 32. Ne4 c5
33. Kf1 Rxa2 34. bxc5 bxc5 35. h4 a5 36. h5 a4 37. Rd1 Ra1 38. Rxa1 Bxa1 39.
Nxc5 a3 40. Nb3 Bg7 41. f4 a2 42. Kg2 Ke7 43. Kf3 Ke6 44. Ke4 Kd6 45. f5 Ke7
46. g4 Kf6 47. Kf4 Bh6+ 48. Ke4 Bg7 49. Kf3 Bh6 50. Kg3 Ke5 51. Bh7 Bg5 52. Bg8
Kf6 53. Na1 Bh6 54. Bxa2 Kg5 55. Nc2 Kf6 56. Nd4 Bg5 57. Nf3 Bh6 58. Bb1 1-0

[Event "Summer Cup"]
[Site "Wellington Chess Club"]
[Date "2020.03.05"]
[Round "5.24"]
[White "Cooke, Xandi"]
[Black "Wang, Cheng Qi(Max)"]
[Result "1-0"]
[WhiteElo "1467"]
[BlackElo "1000"]

1. d4 e6 2. e4 d5 3. exd5 exd5 4. Nc3 Nf6 5. Bf4 Bd6 6. Bxd6 Qxd6 7. Nf3 Bf5 8.
Bd3 Qe7+ 9. Ne2 Bxd3 10. Qxd3 Nc6 11. O-O O-O 12. Nf4 Rfe8 13. Rfe1 Qd6 14. g3
Rxe1+ 15. Rxe1 Re8 16. Rxe8+ Nxe8 17. Qf5 Nf6 18. c3 Ne7 19. Qe5 Qxe5 20. Nxe5
Ne4 21. Kf1 h6 22. Ke2 g5 23. Nfd3 f6 24. Ng4 f5 25. Ne3 c6 26. f3 Nf6 27. h4
gxh4 28. gxh4 Kg7 29. Kf2 Kg6 30. Kg3 Kh5 $4 31. Ne5 $4 (31. Nf4# {would be
better} ) 31... Nh7 32. b3 Nf8 33. c4 dxc4 34. bxc4 Nfg6 35. Nxg6 Kxg6 36. Kf4
h5 37. d5 Kf7 38. Nxf5 Nxf5 39. Kxf5 Ke7 40. Kg5 Kd6 41. dxc6 Kxc6 42. f4 Kd7
43. Kxh5 Ke6 44. Kg6 Ke7 45. h5 Kf8 46. h6 Kg8 47. h7+ Kh8 48. f5 b5 49. f6
bxc4 50. f7 c3 51. f8=Q# 1-0

[Event "Julian Mazur Memorial"]
[Site "Wellington Chess Club"]
[Date "2020.06.18"]
[Round "1.1"]
[White "Croad, Nicolas"]
[Black "Kibblewhite, Daniel"]
[Result "1-0"]
[WhiteElo "2440"]
[BlackElo "1640"]

1. e4 e6 2. d4 d5 3. Nc3 Nf6 4. e5 Nfd7 5. f4 c5 6. Nf3 Nc6 7. Be3 b6 8. Qd2
Bb7 9. Ne2 cxd4 10. Nexd4 Bc5 11. c3 Qc7 12. Nb5 Qd8 13. Bxc5 Nxc5 14. Nd6+ Kf8
15. Ng5 Qc7 16. Ndxf7 Rg8 17. b4 Ne4 18. Nxe6+ Kxf7 19. Qxd5 Nxb4 20. Nxc7+
Nxd5 21. Nxa8 Bxa8 22. Bc4 Rc8 23. Bb3 Ke7 24. O-O Ndxc3 25. f5 Rc5 26. e6 Ne2+
27. Kh1 Nd4 28. Rad1 Nxf5 29. Rd7+ Ke8 30. Rxa7 Bd5 31. Bxd5 Rxd5 32. Kg1 Nc5
33. g4 Ne3 34. Rff7 Rd1+ 35. Kf2 Nxg4+ 36. Ke2 Rd6 37. Rxg7 Rxe6+ 38. Kf1 Nxh2+
39. Kg1 Rg6+ 40. Kxh2 Rxg7 41. Rxg7 h5 42. Kh3 Nd3 43. Rh7 Nb4 44. a3 Nd5 45.
Kh4 Kd8 46. Kxh5 Kc8 47. Rf7 Nc3 48. Kg5 Kb8 49. Rf3 Nd5 50. Kf5 Kb7 51. Ke5
Nc7 52. Kd6 Nb5+ 53. Kd7 Nd4 54. Rf7 Nc2 55. a4 Ne3 56. Kd6+ Ka6 57. Kc6 Ka5
58. Ra7+ Kb4 59. Kxb6 Nc4+ 60. Ka6 Kxa4 61. Rb7 Nd6 62. Rb1 Nc4 63. Kb7 Nd6+
64. Kc6 Nc4 65. Kc5 Nd2 66. Rb2 Ne4+ 67. Kd5 Ka3 68. Rg2 Nc3+ 69. Kc4 Ne4 70.
Re2 Nd6+ 71. Kc5 Nf5 72. Rf2 Ne7 73. Rf6 Kb3 74. Re6 Nf5 75. Re5 Nh4 1-0

[Event "Julian Mazur Memorial"]
[Site "Wellington Chess Club"]
[Date "2020.06.18"]
[Round "1.3"]
[White "Dive, Russell"]
[Black "Hurndell, Robert"]
[Result "1-0"]
[WhiteElo "2414"]
[BlackElo "1623"]

1. Nf3 Nf6 2. c4 c5 3. g3 Nc6 4. Bg2 g6 5. O-O Bg7 6. Nc3 O-O 7. d4 cxd4 8.
Nxd4 a6 9. Nc2 d6 10. e4 Re8 11. Qe2 Be6 12. Rd1 Qc8 13. b3 Rb8 14. Bb2 Bh3 15.
Bh1 h5 16. Rac1 Ne5 17. Ne3 Neg4 18. Ned5 Nxd5 19. Nxd5 Ne5 20. Bd4 h4 21. c5
hxg3 22. hxg3 Qg4 23. Qe3 Qh5 24. Nf4 Qh8 25. Nxh3 Qxh3 26. Bg2 Qh5 27. cxd6
exd6 28. Qc3 Bh6 29. Be3 Bxe3 30. Qxe3 Ng4 31. Qf4 1-0

[Event "Julian Mazur Memorial"]
[Site "Wellington Chess Club"]
[Date "2020.06.18"]
[Round "1.4"]
[White "Loke, Kayden"]
[Black "Cilia Vincenti, David"]
[Result "0-1"]
[WhiteElo "1603"]
[BlackElo "2264"]

1. e4 e5 2. Nf3 Nc6 3. d4 exd4 4. Nxd4 Bc5 5. Nxc6 bxc6 6. Bc4 Qh4 7. O-O Nf6
8. g3 Qh3 9. Qf3 O-O 10. Bg5 Ng4 11. Qh1 d5 12. exd5 Bf5 13. Qg2 Ne5 14. Bb3
Qh5 15. h4 Nf3+ 16. Kh1 Nxg5 17. f3 Bh3 18. Qe2 Bxf1 19. Qxf1 Nxf3 20. Nc3 Rae8
21. dxc6 Nxh4 22. Qf6 gxf6 23. Be6 Rxe6 24. b4 Nf3+ 25. Kg2 Qh2+ 26. Kxf3 Re3+
27. Kf4 Qxg3+ 28. Kf5 Qf3# 0-1

[Event "Julian Mazur Memorial"]
[Site "Wellington Chess Club"]
[Date "2020.06.18"]
[Round "1.5"]
[White "Russell, Athula"]
[Black "Winsley, Nicholas"]
[Result "1-0"]
[WhiteElo "2250"]
[BlackElo "1566"]

1. d4 Nf6 2. Nf3 g6 3. e3 c5 4. Be2 d5 5. O-O Nc6 6. b3 cxd4 7. Nxd4 e5 8. Nxc6
bxc6 9. Bb2 Qc7 10. c4 Ba6 11. cxd5 Bxe2 12. Qxe2 cxd5 13. Rc1 Qb8 14. Qa6 Bd6
15. Rc6 Kd7 16. Na3 Ne4 17. Rac1 Nc5 18. R6xc5 Bxc5 19. Rxc5 Qd6 20. Qb7+ Ke6
21. Rc6 1-0

[Event "Julian Mazur Memorial"]
[Site "Wellington Chess Club"]
[Date "2020.06.18"]
[Round "1.6"]
[White "Stannard, Lars"]
[Black "Winter, Ryan"]
[Result "0-1"]
[WhiteElo "1552"]
[BlackElo "2166"]

1. d4 Nf6 2. Bf4 d5 3. Nf3 c5 4. e3 Nc6 5. Nc3 a6 6. Be2 Bg4 7. O-O e6 8. h3
Bh5 9. Ne5 Bxe2 10. Nxe2 cxd4 11. Nxd4 Nxe5 12. Bxe5 Bd6 13. Bxd6 Qxd6 14. c3
O-O 15. b4 Rfc8 16. Rc1 Rc4 17. Qb3 h6 18. Rc2 Rac8 19. Rfc1 Ne4 20. a4 Qc7 21.
Ne2 Qe5 22. a5 Qf6 23. f3 Nd6 24. Nf4 Qe5 25. Kf2 Nf5 26. Re2 Rxc3 27. Rxc3
Rxc3 28. Qb2 Nxe3 29. Qd2 Qxf4 30. Rxe3 Rxe3 31. Qxe3 Qxe3+ 32. Kxe3 e5 33. f4
f6 34. g3 Kf7 35. f5 g5 36. g4 Ke7 37. Kd3 Kd6 0-1

[Event "Julian Mazur Memorial"]
[Site "Wellington Chess Club"]
[Date "2020.06.18"]
[Round "1.8"]
[White "Stannard, Bobby"]
[Black "Stone, Andrew"]
[Result "0-1"]
[WhiteElo "1504"]
[BlackElo "2043"]

1. e4 c5 2. Nf3 Nc6 3. Nc3 Nf6 4. Bb5 Nd4 5. Bc4 d6 6. d3 Bg4 7. Nd5 e6 8. Ne3
Bh5 9. c3 Nc6 10. h3 Be7 11. g4 Bg6 12. d4 Bxe4 13. d5 exd5 14. Nxd5 O-O 15.
O-O b5 16. Nxe7+ Nxe7 17. Bxb5 Qb6 18. Bd3 Bb7 19. g5 Nh5 20. Re1 Rae8 21. a3
Nd5 22. Rxe8 Rxe8 23. b4 Ndf4 24. Kh2 Qc6 25. Nh4 Nxd3 26. Qxd3 Qh1# 0-1

[Event "Julian Mazur Memorial"]
[Site "Wellington Chess Club"]
[Date "2020.06.18"]
[Round "1.18"]
[White "Stoeveken, Peter"]
[Black "Cooke, Xandi"]
[Result "0-1"]
[WhiteElo "1803"]
[BlackElo "1444"]

1. d4 Nf6 2. Nf3 d5 3. Bg5 Ne4 4. Bh4 g6 5. e3 Bg7 6. Bd3 Bf5 7. c3 Nd6 8. Qc2
Bxd3 9. Qxd3 Nd7 10. Nbd2 Nf6 11. O-O O-O 12. Rfe1 Qd7 13. Ne5 Qf5 14. Qe2 Rfe8
15. f3 Qh5 16. Qf2 Rad8 17. g4 Qh6 18. g5 Qh5 19. gxf6 exf6 20. Nd3 Qf5 21. Qf1
Qh5 22. Bf2 Qg5+ 23. Qg2 Qf5 24. e4 dxe4 25. fxe4 Qb5 26. Qf1 Qg5+ 27. Kh1 Qxd2
28. Be3 Qc2 29. Rac1 Qa4 30. e5 fxe5 31. dxe5 Bxe5 32. Nxe5 Rxe5 33. Bd4 Rxe1
34. Rxe1 Re8 35. Re5 Rxe5 36. Qf6 Qd1+ 37. Kg2 Qg4+ 38. Kh1 Re1+ 0-1

[Event "Julian Mazur Memorial"]
[Site "Wellington Chess Club"]
[Date "2020.06.18"]
[Round "1.19"]
[White "Ackroyd, William"]
[Black "Ashe, Michael"]
[Result "1-0"]
[WhiteElo "1439"]
[BlackElo "1748"]

1. e4 e6 2. d4 d5 3. Nc3 Nf6 4. e5 Nfd7 5. f4 c5 6. Nf3 Nc6 7. Be3 cxd4 8. Nxd4
Bc5 9. Qd2 O-O 10. O-O-O a6 11. Nb3 Bb4 12. Bd3 b5 13. g4 Na5 14. Nxa5 Qxa5 15.
Bd4 Bb7 16. Bxh7+ Kxh7 17. Qd3+ Kg8 18. Rhg1 Rac8 19. f5 Nc5 20. Qe3 Ne4 21.
Nxe4 dxe4 22. f6 Qxa2 23. c3 Bxc3 24. bxc3 Qxh2 25. Rh1 Qg2 26. Qg5 1-0

[Event "Julian Mazur Memorial"]
[Site "Wellington Chess Club"]
[Date "2020.06.18"]
[Round "1.20"]
[White "Stracy, Don"]
[Black "Langford, Josh"]
[Result "0-1"]
[WhiteElo "1696"]
[BlackElo "1413"]

1. e4 e5 2. Nf3 Nc6 3. Bb5 Nf6 4. O-O Nxe4 5. d4 Nd6 6. Bxc6 dxc6 7. Nxe5 Be7
8. c4 Be6 9. b3 O-O 10. Nd2 f6 11. Nd3 Nf5 12. Nc5 Qxd4 13. Nxe6 Qxa1 14. Nxf8
Kxf8 15. Qc2 Qe5 16. Nf3 Qe6 17. Bb2 g6 18. Re1 Qf7 19. g4 Ng7 20. g5 fxg5 21.
Ne5 Qf5 22. Qe2 Bb4 23. Rd1 Re8 24. Nd7+ Kf7 25. Ne5+ Kg8 26. Rd7 Qxd7 0-1

[Event "Julian Mazur Memorial"]
[Site "Wellington Chess Club"]
[Date "2020.06.18"]
[Round "1.21"]
[White "Dunlop, Rafe"]
[Black "Dixon, Hamish"]
[Result "0-1"]
[WhiteElo "1397"]
[BlackElo "1679"]

1. e4 c5 2. Nf3 d6 3. d4 cxd4 4. Nxd4 Nc6 5. Bb5 Bd7 6. Nxc6 bxc6 7. Bc4 Nf6 8.
Nc3 g6 9. O-O Bg7 10. Bf4 O-O 11. Qd2 Be6 12. Bxe6 fxe6 13. e5 Nh5 14. Bg5 Bxe5
15. Rfe1 Rb8 16. Rab1 Rf7 17. Nd1 Qb6 18. Be3 Qa6 19. Nc3 Rbf8 20. Bh6 Ng7 21.
Qg5 Bf4 22. Qh4 Bxh6 23. Qxh6 Rxf2 24. Qe3 Rxc2 25. Ne2 Qxa2 26. Nd4 Rxb2 27.
Rxb2 Qxb2 28. Nxe6 Nf5 29. Qxa7 Rb8 30. Qc7 Qb6+ 31. Kf1 Qxc7 32. Nxc7 Kf7 0-1

[Event "Julian Mazur Memorial"]
[Site "Wellington Chess Club"]
[Date "2020.06.18"]
[Round "1.22"]
[White "Marney, John"]
[Black "Osborne, Geoff"]
[Result "1-0"]
[WhiteElo "1660"]
[BlackElo "1287"]

1. e4 g6 2. d4 d6 3. Nf3 Bg7 4. Be3 a6 5. c4 Nd7 6. Nc3 Ngf6 7. h3 O-O 8. Be2
c5 9. Qd2 Re8 10. O-O e5 11. dxc5 dxc5 12. Rfd1 b6 13. Rac1 Bb7 14. Qc2 Qc7 15.
a3 Rf8 16. b4 Ne8 17. Nd5 Bxd5 18. cxd5 Nd6 19. Nd2 f5 20. f3 fxe4 21. Nxe4
Nxe4 22. fxe4 Rf7 23. d6 Qb7 24. Bc4 Rf8 25. Bxf7+ Rxf7 26. bxc5 bxc5 27. Qc4
Nf6 28. Rf1 Qxe4 29. Qxe4 (29. d7 $1) 29... Nxe4 30. Rxf7 Kxf7 31. d7 Bf6 32.
Rf1 Ke7 33. Bxc5+ Kxd7 34. Rd1+ Ke6 35. Bb6 Bh4 36. Rc1 Kd5 37. Rc7 Kd6 38.
Rxh7 g5 39. Bc7+ Ke6 40. Rh6+ Kf5 41. Rxa6 Kf4 42. Re6 Ke3 43. Rxe5 Bg3 44.
Rxe4+ Kxe4 45. Bxg3 1-0

[Event "Julian Mazur Memorial"]
[Site "Wellington Chess Club"]
[Date "2020.06.20"]
[Round "1.2"]
[White "Farrington, Lawrence"]
[Black "Ker, Anthony"]
[Result "0-1"]
[WhiteElo "1639"]
[BlackElo "2437"]

1. e4 c5 2. Nf3 g6 3. Nc3 Bg7 4. b3 Nf6 5. Rb1 O-O 6. Bb2 Nc6 7. Be2 a6 8. d4
cxd4 9. Nxd4 b5 10. Nxc6 dxc6 11. Qxd8 Rxd8 12. f3 Nh5 13. g3 Bh3 14. Nd1 Bxb2
15. Nxb2 e5 16. Nd3 f6 17. Kf2 Be6 18. Nc5 Ng7 19. Rhd1 a5 20. Rd3 Kf7 21. Rbd1
Ke7 22. a3 Rxd3 23. Rxd3 Bc8 24. Rd2 Ne6 25. Nxe6 Bxe6 26. Ke3 b4 27. a4 Rd8
28. Rxd8 Kxd8 29. f4 Kc7 30. Kd3 Kd6 31. Bd1 c5 32. h4 c4+ 33. Kd2 Kc5 34. Ke3
h6 35. g4 exf4+ 36. Kxf4 Kd4 37. bxc4 g5+ 38. hxg5 hxg5+ 39. Kf3 Bxc4 40. e5
fxe5 41. Kf2 e4 42. Ke1 Ke3 43. c3 bxc3 44. Bc2 Bd3 45. Bd1 c2 46. Be2 c1=Q+
0-1

[Event "Julian Mazur Memorial"]
[Site "Wellington Chess Club"]
[Date "2020.06.20"]
[Round "1.7"]
[White "Wojnar, Jacek"]
[Black "Van der Hoorn, Thomas"]
[Result "1-0"]
[WhiteElo "2052"]
[BlackElo "1522"]

1. e4 e5 2. d4 exd4 3. Qxd4 Nc6 4. Qe3 Nf6 5. Nc3 Bb4 6. Bd2 O-O 7. O-O-O d6 8.
f3 Be6 9. Nge2 Bc5 10. Qg5 Nb4 11. a3 Na2+ 12. Kb1 Nxc3+ 13. Bxc3 Qe7 14. Nf4
h6 15. Bxf6 Qxf6 16. Qxf6 gxf6 17. Nh5 f5 18. Bd3 fxe4 19. Bxe4 Rad8 20. b4 Bb6
21. Bxb7 a5 22. Rhe1 axb4 23. a4 b3 24. c3 Rb8 25. Bc6 Ba5 26. Kb2 Rb6 27. Bd5
Rfb8 28. Re3 Bxd5 29. Rxd5 Ra6 30. Rb5 Bb6 31. Re4 Ra5 32. Nf6+ Kg7 33. Nd7
Rxb5 34. axb5 Rb7 35. Rg4+ Kh8 36. Nxb6 Rxb6 37. Rb4 c6 38. bxc6 Rxc6 39. Kxb3
Kg7 40. c4 Kf6 41. Rb5 Ra6 42. g4 Ra1 43. h4 Kg7 44. Rd5 Ra6 45. Kb4 f6 46. Kb5
Ra3 47. Rf5 Rd3 48. Rd5 Rxf3 49. Rxd6 Rf4 50. c5 Rxg4 51. c6 Rg1 52. c7 Rc1 53.
Rc6 Rxc6 54. Kxc6 Kg6 55. c8=Q Kh5 56. Qh3 1-0

[Event "Julian Mazur Memorial"]
[Site "Wellington Chess Club"]
[Date "2020.06.25"]
[Round "2.1"]
[White "Aldridge, Alan"]
[Black "Croad, Nicolas"]
[Result "0-1"]
[WhiteElo "1870"]
[BlackElo "2440"]

1. e4 e5 2. Nf3 Nc6 3. Bb5 a6 4. Ba4 Nf6 5. O-O Be7 6. Re1 b5 7. Bb3 O-O 8. c3
d5 9. exd5 Nxd5 10. Nxe5 Nxe5 11. Rxe5 c6 12. d4 Bd6 13. Re1 Qh4 14. g3 Qh3 15.
Qd3 Bg4 16. Be3 Rae8 17. Nd2 Re6 18. Qf1 Qh5 19. c4 Nxe3 20. Rxe3 Rh6 21. Qg2
Bh3 22. Qf3 Bg4 23. Qg2 c5 24. d5 Be5 25. Rae1 f6 26. a4 b4 27. h4 Bxb2 28. Rb1
Bd4 29. Re7 f5 30. d6 Rxd6 31. Rbe1 f4 32. Ne4 Bf3 33. Qh3 Bxe4 34. R7xe4 fxg3
35. Rf1 Qf3 0-1

[Event "Julian Mazur Memorial"]
[Site "Wellington Chess Club"]
[Date "2020.06.25"]
[Round "2.2"]
[White "Ker, Anthony"]
[Black "He, Paul"]
[Result "1-0"]
[WhiteElo "2437"]
[BlackElo "1911"]

1. e4 c5 2. Nc3 g6 3. f4 Bg7 4. Nf3 e6 5. e5 Ne7 6. Ne4 O-O 7. Nxc5 d6 8. Ne4
dxe5 9. fxe5 Nbc6 10. d4 Nf5 11. c3 b6 12. Bg5 Qc7 13. g4 Nfe7 14. Nf6+ Kh8 15.
Qd2 Bb7 16. Bg2 Rad8 17. O-O Ba6 18. Rfe1 b5 19. Qf2 b4 20. Qh4 1-0

[Event "Julian Mazur Memorial"]
[Site "Wellington Chess Club"]
[Date "2020.06.25"]
[Round "2.3"]
[White "Brockway, Andrew"]
[Black "Dive, Russell"]
[Result "0-1"]
[WhiteElo "1803"]
[BlackElo "2414"]

1. e4 c6 2. d4 d5 3. exd5 cxd5 4. Bd3 Nc6 5. c3 Nf6 6. Bf4 a6 7. Nd2 Bg4 8. Qb3
Na5 9. Qc2 e6 10. Ngf3 Bh5 11. Ne5 Bd6 12. Bg3 Rc8 13. O-O O-O 14. Rae1 b5 15.
Bh4 Qc7 16. Re3 Nc4 17. Rh3 Bg6 18. Bxf6 gxf6 19. Ng4 f5 20. Nf6+ Kg7 21. Nh5+
Kh8 22. Nf3 f6 23. Qe2 Qf7 24. Ng3 Kg7 25. Re1 f4 26. Nf1 Rfe8 27. Nh4 Bh5 28.
Qd2 Nxd2 0-1

[Event "Julian Mazur Memorial"]
[Site "Wellington Chess Club"]
[Date "2020.06.25"]
[Round "2.4"]
[White "Cilia Vincenti, David"]
[Black "Rossiter, Philip"]
[Result "1-0"]
[WhiteElo "2264"]
[BlackElo "1885"]

1. d4 Nf6 2. c4 e6 3. Nc3 Bb4 4. e3 c5 5. Ne2 b6 6. a3 Bxc3+ 7. Nxc3 Bb7 8. d5
exd5 9. cxd5 d6 10. e4 a6 11. Bd3 Nbd7 12. O-O O-O 13. Bg5 Qc7 14. Qd2 Rae8 15.
Rfe1 Ne5 16. Bxf6 gxf6 17. Qh6 f5 18. exf5 f6 19. Be2 Qf7 20. Bh5 1-0

[Event "Julian Mazur Memorial"]
[Site "Wellington Chess Club"]
[Date "2020.06.25"]
[Round "2.5"]
[White "Dixon, Hamish"]
[Black "Russell, Athula"]
[Result "0-1"]
[WhiteElo "1679"]
[BlackElo "2250"]

1. e4 c6 2. d4 d5 3. e5 c5 4. c3 Nc6 5. Nf3 cxd4 6. cxd4 Bg4 7. Be3 e6 8. Nbd2
Qb6 9. Qb3 Bb4 10. Rd1 Bxf3 11. gxf3 Nge7 12. Bh3 Nxd4 13. Bxd4 Qxd4 14. Qe3
Nc6 15. a3 Bxd2+ 16. Rxd2 Qxe5 17. Rg1 0-1

[Event "Julian Mazur Memorial"]
[Site "Wellington Chess Club"]
[Date "2020.06.25"]
[Round "2.7"]
[White "Langford, Josh"]
[Black "Wojnar, Jacek"]
[Result "1-0"]
[WhiteElo "1413"]
[BlackElo "2052"]

1. e4 e5 2. Nf3 d6 3. Bc4 Be7 4. d4 exd4 5. Nxd4 Nf6 6. Nc3 O-O 7. O-O Nxe4 8.
Nxe4 d5 9. Bd3 dxe4 10. Bxe4 Bf6 11. Nb3 Qxd1 12. Rxd1 Re8 13. Bf3 Nd7 14. c3
Ne5 15. Be4 Nc4 16. Bf3 c6 17. Nc5 Ne5 18. Be4 Be7 19. Nd3 Nxd3 20. Rxd3 Bc5
21. Be3 Bxe3 22. Rxe3 Be6 23. Rae1 Rad8 24. R3e2 g6 25. b3 Rd6 26. f3 Red8 27.
Kf2 a5 28. c4 b6 29. c5 bxc5 30. Rc1 c4 31. bxc4 c5 32. Ke3 Rd4 33. Rec2 Rd1
34. Bd5 Rxc1 35. Rxc1 Bxd5 36. cxd5 Rxd5 37. Rc2 f5 38. Rc4 Kf7 39. Ra4 c4 40.
Rxc4 h6 41. Rc7+ Ke6 42. Rc6+ Rd6 43. Rxd6+ Kxd6 44. Kd4 g5 45. g3 h5 46. h4
gxh4 47. gxh4 Ke6 48. f4 a4 49. Kc5 a3 50. Kc6 1-0

[Event "Julian Mazur Memorial"]
[Site "Wellington Chess Club"]
[Date "2020.06.25"]
[Round "2.9"]
[White "Jackson, Ross"]
[Black "Ackroyd, William"]
[Result "1-0"]
[WhiteElo "2030"]
[BlackElo "1439"]

1. d4 d5 2. c4 c6 3. Nf3 Nf6 4. Nc3 e6 5. e3 Nbd7 6. Bd3 dxc4 7. Bxc4 b5 8. Bd3
a6 9. O-O c5 10. a4 b4 11. Ne4 Bb7 12. Nxc5 Bxc5 13. dxc5 Nxc5 14. Be2 a5 15.
Bb5+ Ncd7 16. Ne5 Ba6 17. Nc6 Qc7 18. Nd4 O-O 19. Bd2 Bxb5 20. Nxb5 Qe5 21. Nd4
Ne4 22. Be1 Ndf6 23. f3 Nc5 24. Qe2 Nb7 25. Bg3 Qc5 26. Rac1 Qa7 27. Rc6 Nd8
28. Nb5 Qb7 29. Rc7 Qa6 30. e4 Nc6 31. Rc1 Rac8 32. R1xc6 Qa8 33. Rxc8 Rxc8 34.
Rxc8+ Qxc8 35. Bc7 Qd7 36. Bxa5 Qe7 37. Qc4 1-0

[Event "Julian Mazur Memorial"]
[Site "Wellington Chess Club"]
[Date "2020.06.25"]
[Round "2.10"]
[White "Wastney, Scott"]
[Black "Wevers, Alexis"]
[Result "1-0"]
[WhiteElo "2438"]
[BlackElo "1830"]

1. e4 c5 2. Nf3 d6 3. Bb5+ Bd7 4. Bxd7+ Qxd7 5. c4 Nf6 6. Nc3 g6 7. d4 cxd4 8.
Nxd4 Bg7 9. f3 Nc6 10. Be3 O-O 11. O-O Rfc8 12. b3 Qd8 13. Rc1 Nd7 14. Kh1 Qb6
15. Nf5 Qd8 16. Nxg7 Kxg7 17. Qd2 Nc5 18. Nd5 Kg8 19. Rfd1 a5 20. Qf2 e5 21.
Bxc5 dxc5 22. Qxc5 Qf8 23. Qxf8+ Rxf8 24. Nb6 Ra6 25. Nd7 Rc8 26. Rd2 a4 27.
Nc5 Ra7 28. Nxa4 Nd4 29. Rcd1 b5 30. cxb5 Rb7 31. b6 Kg7 32. h4 h5 33. Kh2 Kh6
34. Nb2 Rxb6 35. Nc4 Re6 36. Nxe5 Rxe5 37. Rxd4 Rc2 38. R1d2 Rec5 39. Rxc2 Rxc2
40. a4 Ra2 41. Rd5 Kg7 42. a5 Kf6 43. b4 Ra4 44. Rb5 Ke6 45. Rb6+ Ke5 46. a6 f6
47. Rb5+ Kd6 48. Ra5 1-0

[Event "Julian Mazur Memorial"]
[Site "Wellington Chess Club"]
[Date "2020.06.25"]
[Round "2.12"]
[White "Pomeroy, Arthur"]
[Black "Carroll, Lewis"]
[Result "1-0"]
[WhiteElo "2021"]
[BlackElo "1681"]

1. e4 e5 2. Nf3 Nc6 3. Bb5 a6 4. Bxc6 dxc6 5. O-O Bd6 6. d4 Bg4 7. dxe5 Bxf3 8.
Qxf3 Bxe5 9. Nd2 b5 10. Qf5 Bf6 11. e5 Nh6 12. Qe4 Be7 13. Qxc6+ 1-0

[Event "Julian Mazur Memorial"]
[Site "Wellington Chess Club"]
[Date "2020.06.25"]
[Round "2.13"]
[White "Forster, Bill"]
[Black "Chin-Shong, David"]
[Result "1-0"]
[WhiteElo "2019"]
[BlackElo "1500"]

1. d4 Nf6 2. c4 g6 3. Nc3 Bg7 4. e4 d6 5. Be2 O-O 6. Bg5 Na6 7. Qd2 e5 8. d5
Nc5 9. b4 $2 Ncd7 $2 (9... Ncxe4 $1) 10. a3 a5 11. Rc1 axb4 12. axb4 b6 13. Nf3
Nb8 14. O-O Bd7 15. Ne1 Qc8 16. Nd3 Ra3 17. f3 Nh5 18. c5 Nf4 19. c6 Nxe2+ 20.
Qxe2 Be8 21. Be7 h5 22. Qb2 Rxc3 23. Rxc3 f5 24. Bxf8 Kxf8 25. Ra3 f4 26. Ra8
h4 27. Qa2 Qd8 28. Qa7 Kf7 29. Qxb8 Qe7 30. Qxe8+ Qxe8 31. Rxe8 1-0

[Event "Julian Mazur Memorial"]
[Site "Wellington Chess Club"]
[Date "2020.06.25"]
[Round "2.14"]
[White "Laking, Robert"]
[Black "Asher, Bruce"]
[Result "1-0"]
[WhiteElo "1944"]
[BlackElo "1187"]

1. d4 d5 2. c4 dxc4 3. Nc3 Nf6 4. e4 e6 5. Bxc4 Nc6 6. Nge2 Bb4 7. f3 O-O 8. a3
Ba5 9. Bg5 h6 10. Bh4 g5 11. Bf2 a6 12. e5 b5 13. Bd3 Nd5 14. h4 Nxc3 15. bxc3
Bb6 16. hxg5 Qxg5 17. Bh4 Qg7 18. Bf6 Qxg2 19. Rxh6 Qg7 20. Qd2 Re8 21. Qg5
Qxg5 22. Rh8# 1-0